| 000 | 00505nam a2200181Ia 4500 | ||
|---|---|---|---|
| 001 | 25396 | ||
| 005 | 20260414151147.0 | ||
| 008 | 260414t2012||||xx |||||||||||||| ||spa|| | ||
| 041 | _aESP | ||
| 082 |
_a346.5 _bM86O |
||
| 100 |
_aMorales Hervias, Rómulo _eAUT |
||
| 245 | 0 |
_aDe las obligaciones en general : _bcoloquio de iusprivatistas de Roma y América cuarta reunión de trabajo |
|
| 260 | _c2012 | ||
| 300 |
_a575 páginas : _c\N |
||
| 650 | _aDER | ||
| 654 | _aCDE | ||
| 942 |
_cLIB _dJUS _fJUS _2ddc _n |
||
| 999 |
_c25396 _d25396 |
||